00831nam a22001817a 4500003000900000008004100009040007100050082003000121100002400151245004100175260005400216300002800270505025400298650001700552650003200569650001900601700002900620AR-CdUCM190405b ||||| |||| 00| 0 spa d aMUNICIPALIDAD PROVINCIAL DEL CUSCOcBIBLIOTECA MUNICIPAL DEL CUSCO 22ed.a301.1 /bK79 / 1871 aKrause, K. Chr. F.  aIdeal de la humanidad para la vida / aMadrid :bImpr. de F. Martínez García,c1871. a352 páginas ;c19 cm. aContenido: Importancia de considerar la idea de humanidad -- El hombre -- Idea de las principales instituciones hoy existentes en la sociedad humana -- Las instituciones hoy activas de la sociedad humana no llenan el destino total dela humanidad ... aSociología aAntropología filosófica aÉtica social aSanz del Río, Julián